[Event "Gashimov Memorial 5th"]
[Site "Shamkir"]
[Date "2018.04.25"]
[Round "6"]
[White "Karjakin, Sergey"]
[Black "Carlsen, Magnus"]
[Result "1/2-1/2"]
[WhiteElo "2778"]
[BlackElo "2843"]
[PlyCount "59"]
[EventDate "2018.04.19"]
[EventType "tourn"]
[EventRounds "9"]
[EventCountry "AZE"]
[EventCategory "21"]
[SourceTitle "CBM 184"]
[Source "ChessBase"]
[SourceDate "2018.05.16"]
[SourceVersion "1"]
[SourceVersionDate "2018.05.16"]
[SourceQuality "1"]

1. e4 e5 2. Nf3 Nc6 3. Bb5 a6 4. Ba4 Nf6 5. O-O Be7 6. Re1 b5 7. Bb3 O-O 8. c3
d5 9. exd5 Nxd5 10. Nxe5 Nxe5 11. Rxe5 c6 12. d3 Bd6 13. Re1 Bf5 14. Qf3 Qh4
15. g3 Qh3 16. Be3 Bxd3 17. Nd2 Qf5 18. Bd4 Rfe8 19. a4 Kf8 20. h4 h6 21. Qxf5
Bxf5 22. Rxe8+ Rxe8 23. axb5 axb5 24. Ra6 Ne7 25. Be3 Kg8 26. Ba2 Rd8 27. Bb6
Re8 28. Be3 Rd8 29. Bb6 Re8 30. Be3 1/2-1/2

[Event "Gashimov Memorial 5th"]
[Site "Shamkir"]
[Date "2018.04.28"]
[Round "9"]
[White "Carlsen, Magnus"]
[Black "Ding, Liren"]
[Result "1/2-1/2"]
[WhiteElo "2843"]
[BlackElo "2778"]
[PlyCount "53"]
[EventDate "2018.04.19"]
[EventType "tourn"]
[EventRounds "9"]
[EventCountry "AZE"]
[EventCategory "21"]
[SourceTitle "CBM 184"]
[Source "ChessBase"]
[SourceDate "2018.05.16"]
[SourceVersion "1"]
[SourceVersionDate "2018.05.16"]
[SourceQuality "1"]

1. e4 e5 2. Nf3 Nc6 3. Nc3 Nf6 4. Bb5 Nd4 5. Nxd4 exd4 6. e5 dxc3 7. exf6 Qxf6
8. Qe2+ Qe7 9. dxc3 Qxe2+ 10. Kxe2 Bc5 11. Be3 Bxe3 12. Kxe3 c6 13. Bd3 d5 14.
Rae1 Ke7 15. c4 dxc4 16. Bxc4 Rd8 17. Rd1 Be6 18. Bxe6 Kxe6 19. Rhe1 Rxd1 20.
Rxd1 Re8 21. f4 f5 22. Kf3 Re7 23. Re1+ Kf6 24. Rd1 Ke6 25. Re1+ Kf6 26. Rd1
Ke6 27. Re1+ 1/2-1/2

[Event "Norway Masters blitz 6th"]
[Site "Stavanger"]
[Date "2018.05.27"]
[Round "7"]
[White "Carlsen, Magnus"]
[Black "Caruana, Fabiano"]
[Result "1-0"]
[WhiteElo "2843"]
[BlackElo "2822"]
[PlyCount "105"]
[EventDate "2018.05.27"]
[EventType "tourn (blitz)"]
[EventRounds "9"]
[EventCountry "NOR"]
[EventCategory "22"]
[SourceTitle "CBM 185"]
[Source "ChessBase"]
[SourceDate "2018.07.13"]
[SourceVersion "1"]
[SourceVersionDate "2018.07.13"]
[SourceQuality "1"]

1. d4 Nf6 2. c4 e6 3. Nc3 Bb4 4. e3 O-O 5. Bd3 c5 6. Nge2 d5 7. cxd5 Nxd5 8. a3
Ba5 9. O-O cxd4 10. exd4 Nc6 11. Bc2 Nce7 12. Qd3 Ng6 13. Nxd5 exd5 14. Bd2 Bc7
15. Bf4 Re8 16. Bxc7 Qxc7 17. Rae1 Bd7 18. Nc3 Qd6 19. Qg3 Qxg3 20. hxg3 Bc6
21. Bxg6 hxg6 22. f3 f6 23. Rxe8+ Rxe8 24. Kf2 Kf7 25. Rc1 g5 26. g4 Rd8 27.
Nd1 g6 28. Ne3 Rh8 29. a4 Ke6 30. a5 Kd6 31. Nc2 Bb5 32. Nb4 b6 33. axb6 axb6
34. Na2 Bd7 35. Nc3 Rc8 36. Ra1 Rc4 37. Ke3 Rb4 38. Rb1 f5 39. b3 fxg4 40. Na2
Rb5 41. b4 gxf3 42. Kxf3 Bf5 43. Rb2 Kd7 44. Nc3 Kc6 45. Ke3 Be6 46. Kd2 Bf5
47. Rb3 Be6 48. Kc1 Bf5 49. Kb2 Be4 50. g3 Bf5 51. Ka3 Bc2 52. Rb2 Bd3 53. Rf2
1-0

[Event "Norway Masters blitz 6th"]
[Site "Stavanger"]
[Date "2018.05.27"]
[Round "8"]
[White "Carlsen, Magnus"]
[Black "Aronian, Levon"]
[Result "0-1"]
[WhiteElo "2843"]
[BlackElo "2764"]
[PlyCount "104"]
[EventDate "2018.05.27"]
[EventType "tourn (blitz)"]
[EventRounds "9"]
[EventCountry "NOR"]
[EventCategory "22"]
[SourceTitle "CBM 185"]
[Source "ChessBase"]
[SourceDate "2018.07.13"]
[SourceVersion "1"]
[SourceVersionDate "2018.07.13"]
[SourceQuality "1"]

1. e4 e5 2. Nf3 Nc6 3. Bb5 Nf6 4. d3 Bc5 5. Bxc6 dxc6 6. Qe2 Qe7 7. Nbd2 Bg4 8.
h3 Bh5 9. a3 Nd7 10. b4 Bb6 11. Nc4 a5 12. Rb1 axb4 13. axb4 Ra2 14. O-O O-O
15. Rb2 Rfa8 16. c3 Ra1 17. Rc2 f6 18. Rd1 Nf8 19. Nxb6 cxb6 20. Be3 Ne6 21.
Rcd2 b5 22. Rxa1 Rxa1+ 23. Rd1 Ra3 24. Qb2 Bxf3 25. gxf3 Ra4 26. Qb3 Kh8 27. d4
exd4 28. cxd4 Rxb4 29. Qd3 Ng5 30. Bxg5 fxg5 31. d5 cxd5 32. Qxd5 h6 33. Qf5
Rc4 34. Rd7 Qf6 35. Qd5 Rc8 36. Kg2 Rf8 37. Qd3 Qc6 38. Rd5 b4 39. Rb5 Qc3 40.
Qxc3 bxc3 41. Rc5 b5 42. Rxc3 b4 43. Rb3 Rb8 44. Kf1 Kg8 45. Ke2 Kf7 46. Kd3
Ke6 47. Kc4 Ke5 48. Rxb4 Rxb4+ 49. Kxb4 Kd4 50. Kb3 h5 51. Kc2 g4 52. hxg4 h4
0-1

[Event "Norway Chess 6th"]
[Site "Stavanger"]
[Date "2018.05.29"]
[Round "2"]
[White "Karjakin, Sergey"]
[Black "Carlsen, Magnus"]
[Result "1/2-1/2"]
[WhiteElo "2782"]
[BlackElo "2843"]
[PlyCount "82"]
[EventDate "2018.05.28"]
[EventType "tourn"]
[EventRounds "9"]
[EventCountry "NOR"]
[EventCategory "22"]
[SourceTitle "CBM 185"]
[Source "ChessBase"]
[SourceDate "2018.07.13"]
[SourceVersion "1"]
[SourceVersionDate "2018.07.13"]
[SourceQuality "1"]

1. e4 e5 2. Nf3 Nc6 3. Bb5 a6 4. Ba4 Nf6 5. O-O Bc5 6. c3 O-O 7. d4 Ba7 8. dxe5
Nxe4 9. Qd5 Nc5 10. Bc2 Ne7 11. Qd1 d5 12. exd6 Qxd6 13. Qxd6 cxd6 14. Rd1 Bg4
15. Rxd6 Bf5 16. Na3 Ne4 17. Bxe4 Bxe4 18. Rd1 Nf5 19. Nc4 Rfe8 20. Be3 Bxe3
21. Nxe3 Nxe3 22. fxe3 Bxf3 23. gxf3 Rxe3 24. Rd7 Rb8 25. Rad1 Kf8 26. Kf2 Re7
27. Rd8+ Re8 28. Rxb8 Rxb8 29. Rd7 Ke8 30. Rc7 b5 31. Rc6 Ra8 32. c4 Kd7 33.
cxb5 axb5 34. Rb6 Rxa2 35. Rxb5 Ra4 36. Kg3 Rd4 37. Rb7+ Ke6 38. Rb6+ Kf5 39.
Rb5+ Ke6 40. Rb6+ Kf5 41. Rb5+ Ke6 1/2-1/2

[Event "Norway Chess 6th"]
[Site "Stavanger"]
[Date "2018.05.30"]
[Round "3"]
[White "Carlsen, Magnus"]
[Black "Aronian, Levon"]
[Result "1-0"]
[WhiteElo "2843"]
[BlackElo "2764"]
[Annotator "Nielsen,Peter Heine"]
[PlyCount "61"]
[EventDate "2018.05.28"]
[EventType "tourn"]
[EventRounds "9"]
[EventCountry "NOR"]
[EventCategory "22"]
[SourceTitle "CBM 185"]
[Source "ChessBase"]
[SourceDate "2018.07.13"]
[SourceVersion "1"]
[SourceVersionDate "2018.07.13"]
[SourceQuality "1"]

1. e4 e5 2. Nf3 {In round one Magnus won a good game against Fabiano Caruana
with 2.Bc4, but that move at top level is almost exclusively seen as an
anti-Petroff move order.} Nc6 3. Bb5 Nf6 $5 4. O-O ({In round one Anand
continued} 4. d3 Bc5 5. c3 d5 6. Bd2 O-O 7. O-O Re8 8. exd5 a6 $1 {when while
not only springing an excellent novelty, Aronian also managed to amuse in the
confession booth saying he forgot to play it at move 3, and now seemed at good
moment to correct the mistake! Even so, his switch from Marshall to Berlin
seemed more than just a fling.}) 4... Nxe4 5. Re1 {The most solid of lines,
suiting well that Magnus actually was the sole leader at this point.} Nd6 6.
Nxe5 Be7 7. Bf1 Nxe5 8. Rxe5 O-O 9. d4 Bf6 10. Re1 {By far the main move, but
in the New York match vs. Karjakin, Magnus did put the rook on e2, an idea of
Caruana's second Kasimdzhanov, and had some pressure before the game was
eventually drawn.} Nf5 $5 {Also the latest trend.} ({People used to go} 10...
Re8 {and while that still makes a solid apperance, the preference by the
experts has been for this slightly more aggressive move.}) 11. d5 {Grabbing
space, or from Black's perspective, slightly weakening White's pawn chain.
Less ambitious but more solid is 11.c3 d5, with numerous games being drawn
shortly thereafter.} Re8 {Here everybody routinely played the standard move,
till Caruana in Baden tried 12.Bd3 against Aronian. Magnus' next move was
intended to be a novelty:} 12. Rxe8+ $5 {But to my surprise this had already
been played by Palac in 2005, against me! The unimpressive continuation being
12...Qxe8 13.Nd2 d6 draw agreed.} Qxe8 13. Qd3 $5 {Putting the bishop on d3
similar to Caruana looks like a normal move, while this somewhat goes against
chess principles. First developing your queen, and only then figuring out how
to proceed next is not excactly what is recommended in the beginners' books.
But apart from the primitive threats of taking the knight on f5, more
relevantly it supports the e4-square planning to transfer the knight there
eventually as well and in general having much more scope. Aronian seemed
surprised but after some thought played the obvious reply.} d6 14. Nd2 {
Intending Ne4, followed by c3 Bd2 Re1. The good thing about White's position
is that it has a lot of room for improvement! For Black it's more difficult,
and probably, especially in light of White not being fully developed, 14...
c6!? switching the position to an isolani-style type after a white dxc6 or a
black ...cxd5 would assure counterplay. But Black has an almost perfect pawn
structure so voluntarily ruining it is not an easy over the board decision.}
Bg5 $6 {A very logical move, assuring the exchange of the dark-squared bishops
and at the same time eliminating the Ne4 threat.} 15. Nf3 {A case (the
engines!) could be made for including g3+h4 to gain a bit of time, but Magnus
Magnus either wanted to assure himself of the following favourable exchanges,
or perhaps as the games later shows the relevance of, rather would not lose
the flexibilty on how to put his pawns on the kingside.} Bxc1 16. Rxc1 Bd7 17.
Re1 {At first sight it looks like a typical quick Re1 Berlin draw is in
progress. Rooks will be exchanged in the e-line and White has absolutely
nothing constructive to do with his moderate space advantage. But details do
matter! After 17...Qf8 White will immediately attack Black's queenside with
moves like 18.Qb3 or 18.Qc4, when Black face a passive defence using his rook
to defend the weakness on especially c7. Perhaps a small difference, but with
a huge effect. Black has no way of getting the neccesary echanges and is
doomed to passive defence. His position is so solid that the chances of sucess
obviously is there, but White's edge, as indicated by the engines, is
certainly larger than it looks at first sight.} Qd8 18. Qc4 g6 19. h3 Ng7 20.
Re3 {A nice setup, the rook might be used to attack the vulnerable spots on
the queenside, or more directely, the black kingside as in the game. It does
however give Aronian a chance to change the structure play with an isolani.} a5
({After} 20... c5 $1 21. dxc6 Bxc6 {Black obviously is slightly worse, but in
a less suffocating way than the game.}) 21. a4 {Now ...c5 would leave the
b5-square weak, thus 21...c6!} Ne8 22. Qd4 {An ideal square for White's queen.
Normally ...Qf6 would chase it away, but with the pawn already on g6, White
always has the small tactic Rxe8+! meaning Black will never achieve a Qf6+Kg7
setup.} Ng7 23. g4 $5 {Logical and strong. Magnus cntrols the f5-square, not
allowing ...Nf5 attacking his queen. Weakening his own king is not a concern
due to Black's passivity, but even so the engine does seem to think White
would optimize his edge with the less compromising 23.Bd3.} c6 {At last, and
with the logical justification that White's last move has changed the battle
from a positional one to a tactical, Aronian stops caring about his pawn
structure but tries creating counterplay.} (23... Qf8 {intending 24...Re8
looks solid and logical, but} 24. Ng5 $1 {becomes alarming as if} Re8 ({
Suffice it to say that the engines suggests} 24... Qd8 $1) {then} 25. Ne4 $1 {
gets access to the f6-square with immediate disaster for Black.}) 24. c4 Ne8 {
With all this suffering , why not at least have a pawn for it?} (24... c5 25.
Qf4 Bxa4 {is possible, when White has excellent compensation in numerous ways,
the engines preferring} 26. Ra3 $5 Bd7 27. Rb3 {eyeing the b6-square!}) 25. Qf4
Kg7 {Adding to his misery, Levon was also now desperately short of time, and
Magnus now pulls off an almost basketball like trick, first looking to one
side, but the attacking fiercly on the other:} 26. Rb3 {Just a decoy.} Rb8 27.
Ng5 $1 Nf6 $2 (27... Qf6 {still defends, as while} 28. Qd2 {does attack the
a5-pawn Black can defend with} h6 29. Ne4 Qd8 {without facing disaster. Now
however swift tactics decide.}) 28. Rf3 $1 h6 {Not even a blunder, as Black
has no meaningful defence anyway.} ({The d6-pawn is attacked, and} 28... Qe7
29. Re3 Qf8 {leaves White so many options that the engine does not even
mention that 30.Qxf6+?! followed by Nxh7+ wins a pawn. Easiest is} 30. Qd4 $1 {
with a crushing pin.}) 29. Ne4 $1 Nxe4 30. Qxf7+ Kh8 31. Qxg6 {And with the
combined threats to the knight in e4 and the h6-pawn as well as Rf7 mating,
Aronian resigned.} 1-0

[Event "Norway Chess 6th"]
[Site "Stavanger"]
[Date "2018.06.01"]
[Round "4"]
[White "Nakamura, Hikaru"]
[Black "Carlsen, Magnus"]
[Result "1/2-1/2"]
[WhiteElo "2769"]
[BlackElo "2843"]
[Annotator "Yermolinsky,A"]
[PlyCount "66"]
[EventDate "2018.05.28"]
[EventType "tourn"]
[EventRounds "9"]
[EventCountry "NOR"]
[EventCategory "22"]
[SourceTitle "CBM 185"]
[Source "ChessBase"]
[SourceDate "2018.07.13"]
[SourceVersion "1"]
[SourceVersionDate "2018.07.13"]
[SourceQuality "1"]

1. d4 Nf6 2. c4 e6 3. Nf3 d5 4. Nc3 Be7 5. Bg5 h6 6. Bh4 O-O 7. e3 Nbd7 {
The Orthodox Defence to the Queens Gambit was more popular in the 1910's than
in the 2010's, but King Magnus can play anything he wants.} 8. Be2 {There's
hardly any difference between the text} ({and the other bishop move} 8. Bd3) ({
while} 8. Rc1 c5 9. cxd5 Nxd5 10. Bxe7 Nxe7 {is currently considered a
reliable defense, thanks to the pioneering efforts of Vladimir Kramnik.
Although, Nakamura himself beat Fressinet in 2016 by going to the endgame:} 11.
dxc5 Nxc5 12. Qxd8 Rxd8 13. b4 Nd7 14. Bd3) 8... dxc4 9. Bxc4 a6 10. a4 c5 11.
O-O cxd4 12. Nxd4 {Hikaru goes safety first.} ({The more principled} 12. exd4 {
is met by the solid defence} Nb6 13. Bb3 Bd7 14. Ne5 Bc6 {It's very hard for
White to break through, while Carlsen would surely be looking to lay siege to
the IQP.}) 12... Nb6 13. Be2 (13. Bb3 Nbd5 14. Nxd5 Nxd5 15. Bxe7 Nxe7 16. Bc2
Bd7 17. Qd3 g6 {Salem-Karjakin, World Rapid 2017, and Black eventually
prevailed.}) 13... Nbd5 14. Nxd5 Nxd5 15. Bxe7 Qxe7 16. Qb3 b6 17. Bf3 Bb7 {
There's nothing White can do in terms of playing on, and Hikaru forces total
liquidation.} 18. Nf5 exf5 19. Bxd5 Bxd5 20. Qxd5 Qf6 21. Qb3 Rad8 22. Rfd1
Rxd1+ 23. Rxd1 Rd8 24. Rxd8+ Qxd8 25. g3 g6 26. h4 h5 27. Qc4 a5 28. b3 Qd1+
29. Kg2 Qd7 30. Kf1 Qd1+ 31. Kg2 Qd7 32. Kf1 Qd1+ 33. Kg2 Qd7 1/2-1/2

[Event "Biel GM 51st"]
[Site "Biel"]
[Date "2018.07.22"]
[Round "1"]
[White "Carlsen, Magnus"]
[Black "Navara, David"]
[Result "1-0"]
[WhiteElo "2842"]
[BlackElo "2741"]
[Annotator "Krasenkow,M"]
[PlyCount "127"]
[EventDate "2018.07.22"]
[EventType "tourn"]
[EventRounds "10"]
[EventCountry "SUI"]
[EventCategory "20"]
[SourceTitle "CBM 186"]
[Source "ChessBase"]
[SourceDate "2018.09.14"]
[SourceVersion "1"]
[SourceVersionDate "2018.09.14"]
[SourceQuality "1"]

1. d4 Nf6 2. Nf3 d5 3. c4 e6 4. Bg5 Bb4+ 5. Nc3 h6 6. Bxf6 Qxf6 7. e3 O-O 8.
Rc1 dxc4 9. Bxc4 c5 10. dxc5 Nd7 (10... Bxc5 11. O-O Qe7 {looks like a simpler
equaliser.}) 11. O-O (11. c6 {is not too dangerous:} bxc6 (11... Ne5 $6 12.
Nxe5 Qxe5 13. Qb3 $1 (13. O-O bxc6 14. Qe2 Rd8 15. Rfd1 Bb7 16. Rxd8+ Rxd8 17.
Rd1 Rxd1+ 18. Qxd1 Qc7 19. h3 Bxc3 20. bxc3 c5 $11 {1/2 (37) Giri,A (2790)
-Carlsen,M (2863) Shamkir 2015}) 13... Ba5 $5 14. Qb5 (14. cxb7 $5 Rb8 15. Ba6
$1 {looks strong, too} ({but not} 15. bxc8=Q Rfxc8 {, and Black regains
material}) {e.g.} 15... Bxb7 16. Bxb7 Qc7 17. O-O Rxb7 18. Qa3 $16) 14... Qxb5
15. Bxb5 bxc6 16. Bd3 Rb8 17. b3 c5 18. Ke2 Bb7 19. f3 $14 {1/2 (30) Abasov,N 
(2623)-Cheparinov,I (2712) Ankara 2018}) (11... Nb6 12. Bd3 (12. Qb3 $5) (12.
Be2 $5) 12... bxc6 13. O-O Bxc3 14. Rxc3 Nd5 15. Rb3 a5 16. Qc1 a4 17. Ra3 Ba6
18. Bxa6 Rxa6 19. Nd4 $14 {1/2 (45) Ruck,R (2571)-Petkov,V (2564) Gabicce Mare
2013}) 12. O-O Ne5 (12... Nb6 13. Be2 Bb7 14. Qc2 c5 15. a3 Bxc3 16. Qxc3 Rac8
17. Qxf6 gxf6 18. Rfd1 Rc7 19. Nd2 Rd8 20. Nb1 Rxd1+ 21. Rxd1 Na4 22. b3 Nb6
23. Nc3 Bd5 24. Rb1 a5 25. e4 Bc6 26. f3 $14 {1/2 (84) Chuchelov,V (2553)
-Dragun,K (2547) Germany 2013}) 13. Be2 Rb8 (13... Nxf3+ 14. Bxf3 Ba6 15. Re1
Rab8 16. Qa4 Rb6 17. Red1 Bxc3 18. bxc3 Rd8 19. Qa3 g6 20. h3 Kg7 21. Rd4 $14 {
1/2-1/2 (54) Sasikiran,K (2658)-Sandipan,C (2478) Mumbai 2003}) 14. Qa4 Bxc3
15. bxc3 c5 $1 16. Qxa7 Bb7 17. Nxe5 Qxe5 18. Rfd1 Be4 19. Rd2 {1/2 (19)
Gelfand,B (2735)-Matlakov,M (2682) Moscow 2016 CBM 171 [Besenthal,K]} Rfd8 $132
) (11. Qc2 Nxc5 12. a3 Bxc3+ 13. Qxc3 Qxc3+ 14. Rxc3 Bd7 (14... b6 $5 $11) 15.
Ne5 Rfc8 16. Nxd7 Nxd7 17. Ke2 Nb6 18. Rhc1 Kf8 19. f4 Ke7 20. h4 Nxc4 21. Rxc4
Rxc4 22. Rxc4 Kd7 $11 {1-0 (38) Salem,A (2591)-Berescu,A (2458) Abu Dhabi 2014}
) 11... Nxc5 (11... Rd8 $5 12. Qc2 (12. Ne4 $5) 12... Bxc3 13. Qxc3 Qxc3 14.
Rxc3 Nxc5 15. Be2 b6 16. Rfc1 {1/2 (29) Wang,Y (2737)-Yu,Y (2725) Shenzhen 2016
} a5 $11) (11... Bxc3 $5 12. Rxc3 Nxc5 13. Be2 b6 14. Qd4 Qxd4 15. Nxd4 a5 16.
Bf3 Ba6 17. Bxa8 Bxf1 $11 {1/2 (25) Krassowizkij,J (2439)-Ochsner,B (2462)
Illertissen 2018}) 12. Nb5 {White tries to exploit the vulnerable position of
Black's b4-bishop but it is not too painful for Black.} (12. a3 Bxc3 13. Rxc3
Rd8 14. Qe2 b6 $11 {0-1 (42) El Gindy,E (2486)-Ni,H (2666) Tromsoe 2014}) 12...
a6 13. Nbd4 b5 (13... Ba5 $5 14. a3 Bb6 15. b4 Ne4 16. Qd3 Ng5 17. Nxg5 hxg5
18. Qe4 {1-0 (36) Salem,A (2638)-Peralta,F (2556) Sitges 2017} Bxd4 19. exd4
Rd8 20. Rfd1 Rb8 $11) 14. Be2 (14. a3 $5 bxc4 15. Rxc4 Bb7 (15... Bxa3 $6 16.
bxa3 Ne4 17. Nc6 Bb7 18. Nfe5 $16 {1-0 (30) Jakovenko,D (2749)-Cheparinov,I 
(2712) Ankara TUR 2018}) 16. Rxb4 Bd5 $44) 14... e5 15. Nc2 $5 {[%mdl 512] An
unexpected queen sacrifice.} (15. a3 exd4 16. axb4 Ne6 17. Nxd4 Rd8 18. Bf3 Rb8
$11) 15... Rd8 16. Nxb4 Rxd1 17. Rfxd1 $44 {White has a development advantage
and controls central files; besides, there are weaknesses in Black's camp 
(e5-pawn, d5-square). Still, one can hardly believe that Black can lose this
game.} a5 (17... Nd7 $5 18. Rc6 ({or} 18. Nd5 Qd8) 18... Qe7 {was quite
possible but not easy to play.}) (17... e4 $5 18. Rxc5 exf3 19. Bxf3 Qe7 $1 {
[%cal Yc8b7]}) 18. Nd5 Qd6 19. Nxe5 (19. Nc3 Qe7 20. Nxb5 Bb7 {, and Black
comfortably develops his pieces. If} 21. Nd6 {then} Ba6 $5) 19... Bb7 20. Bf3
Rc8 21. Ng4 Qf8 22. h4 Nd7 23. Rxc8 Bxc8 24. a3 h5 25. Nh2 g6 26. Be2 Ne5 {
There was no need to give up a second pawn:} (26... b4 $5 $11) {However, Black
wants to activate his pieces as soon as possible.} 27. Bxb5 Bb7 28. Nc3 Qe7 29.
Rd4 Qe6 30. Nf1 Qb3 31. Rd2 Nc4 32. Rd7 Nxb2 33. Rxb7 Qxc3 34. Be8 Kf8 35. Bxf7
Qc6 36. Rxb2 Kxf7 {[%mdl 4096]} 37. Rd2 {[%cal Yd2d4,Ya3a4]} Qa4 38. Rd3 Qxh4 {
As a result of complications, Black has avoided material losses, and the game
should end in a draw.} 39. Rd7+ Kg8 40. Rd4 Qe7 41. a4 Qa3 42. g3 Qa1 43. Kg2
g5 44. Nd2 g4 45. Ne4 Qc1 $2 {Black gives up a pawn once again.} (45... Kg7 $11
) 46. Nf6+ Kf7 47. Nxh5 Qc6+ 48. Kg1 Qc1+ 49. Kh2 Kg6 50. Nf4+ Kf6 51. Ng2 Kg5
{It is very difficult to defend now, and Black quickly sinks.} (51... Qc8 $142)
52. Rf4 Qd1 53. Nh4 Qc2 $2 (53... Kh6 $1 54. Nf5+ Kh7 $1 {, and Black holds on.
}) 54. Nf5 Qd3 55. e4 Qd7 56. e5 Qh7+ 57. Kg1 Qg6 58. Nd6 Qe6 $2 (58... Qb1+
$142 {but after} 59. Kh2 Qh7+ 60. Kg2 {White should gradually win.}) 59. Rf5+
Qxf5 60. Nxf5 Kxf5 {The pawn endgame is easily winning for White.} 61. f4 gxf3
62. Kf2 Kxe5 63. Kxf3 Kf5 64. Ke3 {White's g-pawn is below the crucial h3-c8
diagonal, and Black's king, after capturing it, can't get to c8.} 1-0